Waste Management /

Contiene: 1) Fundamentos del manejo de desperdicios; 2) Importancia del manejo de desperdicios; 3) Evitación de residuos y métodos de reducción; 4) Métodos de manejo de residuos; 5) Manipulación, almacenaje y transporte de residuos; 6) Residuos peligrosos; 7) Desechos radioactivos; 8) Residuos tóxic...

Descripción completa

Guardado en:
Detalles Bibliográficos
Autor principal: Hulley, Vierah (autor)
Formato: Libro
Idioma:Inglés
Publicado: Burlington, Canadá : Delve, 2021, c2021
Temas:
Acceso en línea:Ver documento en línea
Etiquetas: Agrega una etiqueta
Sin etiquetas, Sé el primero en etiquetar este registro!

MARC

LEADER 00000nam^a2200000^a^4500
001 000616738
005 20251023000000.0
009 20260310133727.825
020 |a 978-1-77407-955-3 
037 |a Acervo ITESO - Biblioteca 
041 |a ING 
082 |a 628. 4  |b HUL 
100 |a Hulley, Vierah  |e (autor) 
245 1 0 |a Waste Management /  |c V. Hulley. 
264 4 |a Burlington, Canadá :  |b Delve,  |c 2021, c2021 
264 2 |a Birmingham, EUA :  |b EBSCOhost [distribución],  |c 2025 
300 |a 1 libro electrónico en línea (XX, 314 p.) 
300 |a 1 recurso en línea 
336 |a datos para computadora  |b cod  |2 rdacontenido 
337 |a computadora  |b c  |2 rdamedio 
338 |a recurso en línea  |b cr  |2 rdasoporte 
506 1 |a 1 licencia 
520 |a Contiene: 1) Fundamentos del manejo de desperdicios; 2) Importancia del manejo de desperdicios; 3) Evitación de residuos y métodos de reducción; 4) Métodos de manejo de residuos; 5) Manipulación, almacenaje y transporte de residuos; 6) Residuos peligrosos; 7) Desechos radioactivos; 8) Residuos tóxicos; 9) Desechos mixtos; 10) Desafíos en el manejo de desperdicios. 
521 |a 2025 BO Licenciatura en Ingeniería Ambiental y Tecnologías Sustentables 
649 |a XX 
650 |a Basura 
650 |a Desechos Industriales 
650 |a Desechos Orgánicos 
650 |a Desechos Peligrosos 
650 |a Desechos -  |x Tratamiento y Reciclaje 
650 |a Desechos -  |x Administración -  |x Tema Principal 
650 |a Contaminantes Ambientales 
650 |a Gestión Ambiental -  |x Tema Principal 
650 |a Medio Ambiente 
650 |a Ingeniería Ambiental 
650 |a Ingeniería Sanitaria 
856 4 0 |u https://ezproxy.iteso.mx/login?url=https://search.ebscohost.com/login.aspx?direct=true&scope=site&db=nlebk&db=nlabk&AN=2725403  |y Ver documento en línea 
910 |a Fondo General 
920 |a Electrónicos - Libros en Línea 
930 |a Plataforma Digital 
905 |a 205 
901 |a 616738-1  |b IT2  |c EBO  |i C  |u 20250630 
902 |a https://opac.biblio.iteso.mx/vufind/Record/000616738